00472nam a2200181 a 4500001001300000003000900013005001700022008004100039020002300080082001600103100002200119245002200141260004300163300001000206500003500216650001700251700002200268nice12345678IN_TiNIC20260116014544.0140912s2011 anaa grp 000 0 eng  a8187886285 c25000a291.4bDEM2 aDe Mello, Anthony aOne Minute Wisdom aAnand bGujarat Sahitya Prakash c2011 a340p  aincludes index and biblioraphy aSpirituality1 aDe Mello, Anthony